[Event "Dhaka Saarc op"]
[Site "Dhaka"]
[Date "2019.11.25"]
[Round "1"]
[White "Chowdhury, Sohel"]
[Black "Md Sarwar, Kamal"]
[Result "1-0"]
[WhiteElo "2096"]
[BlackElo "1761"]
[PlyCount "121"]
[EventDate "2019.11.25"]
[EventType "swiss"]
[EventRounds "9"]
[EventCountry "BAN"]
[SourceTitle "CBM 193 Extra"]
[Source "ChessBase"]
[SourceDate "2020.01.31"]
[SourceVersion "1"]
[SourceVersionDate "2020.01.31"]
[SourceQuality "1"]

1. e4 e5 2. Nf3 Nc6 3. Bb5 Nf6 4. 0-0 a6 5. Ba4 Be7 6. Re1 d6 7. c3 0-0 8. h3 h6 9. d4 b5 10. Bb3 Na5 11. Bc2 Nd7 12. Nbd2 c5 13. Nf1 c4 14. Ng3 Nc6 15. d5 Ncb8 16. a4 Bb7 17. Nf5 Kh7 18. Be3 Re8 19. Nh2 Nf6 20. f4 Nbd7 21. Nf3 Bf8 22. fxe5 Nxe5 23. Nxe5 dxe5 24. Qf3 g6 25. Ng3 Rc8 26. Rf1 Bg7 27. Rf2 Qd6 28. Qe2 Rc7 29. Raf1 Rf8 30. Rf3 Ng8 31. Qf2 f6 32. Bb6 Rcc8 33. Ba5 Rf7 34. Bb4 Qd8 35. Ne2 Qd7 36. Kh2 Kh8 37. axb5 axb5 38. Qg3 Kh7 39. R3f2 Ra8 40. Ng1 Re8 41. Nf3 g5 42. Ng1 h5 43. Bd1 h4 44. Qe3 Nh6 45. Bh5 g4 46. Kh1 f5 47. Bxf7 f4 48. Bxe8 Qxe8 49. Qb6 Bc8 50. Qc7 gxh3 51. gxh3 Qg6 52. Rg2 Bg4 53. hxg4 Qxe4 54. Bf8 Qg6 55. Qxg7+ Qxg7 56. Bxg7 Kxg7 57. Re1 Nf7 58. Nh3 Kf6 59. g5+ Kg7 60. Rxe5 Nd6 61. Rf2 1-0

[Event "Dhaka Powertec op-B"]
[Site "Dhaka"]
[Date "2017.07.18"]
[Round "4"]
[White "Jodunath, Biswas"]
[Black "Md Sarwar, Kamal"]
[Result "1-0"]
[WhiteElo "1964"]
[BlackElo "1805"]
[PlyCount "75"]
[EventDate "2017.07.15"]
[EventType "swiss"]
[EventRounds "9"]
[EventCountry "BAN"]
[SourceTitle "EXT 2018"]
[Source "ChessBase"]
[SourceDate "2017.10.13"]
[SourceVersion "1"]
[SourceVersionDate "2017.10.13"]
[SourceQuality "1"]

1. c4 d6 2. d4 c6 3. Nc3 g6 4. Nf3 Nf6 5. e4 Nbd7 6. Bf4 Nh5 7. Bg3 Bg7 8. Be2 0-0 9. Qd2 e5 10. d5 Ndf6 11. dxc6 bxc6 12. Rd1 Qb6 13. 0-0 Nxg3 14. hxg3 Nh5 15. Na4 Qa6 16. b3 Nf6 17. c5 Nxe4 18. Qe3 Qb7 19. Qxe4 d5 20. Qe3 e4 21. Nd4 Qc7 22. b4 f5 23. Qb3 Rb8 24. Nc3 e3 25. f4 h5 26. a4 h4 27. gxh4 Qe7 28. Nxc6 Qxh4 29. Qxd5+ Kh8 30. Rf3 Bh6 31. Nxb8 g5 32. Rh3 Qf2+ 33. Kh1 Rf6 34. Qe5 Kg7 35. Nd7 Bxd7 36. Rxd7+ Kg8 37. Qe8+ Bf8 38. Bc4+ 1-0

[Event "BAN-chT2"]
[Site "Dhaka"]
[Date "2016.11.09"]
[Round "7.1"]
[White "Md Sarwar, Kamal"]
[Black "Jaber, Al Hamid"]
[Result "0-1"]
[WhiteElo "1746"]
[BlackElo "1905"]
[PlyCount "68"]
[EventDate "2016.11.03"]
[EventType "team-swiss"]
[EventRounds "7"]
[EventCountry "BAN"]
[SourceTitle "CBM 175 Extra"]
[Source "ChessBase"]
[SourceDate "2016.12.12"]
[SourceVersion "1"]
[SourceVersionDate "2016.12.12"]
[SourceQuality "1"]
[WhiteTeam "Desh Seba Krira Chakra"]
[BlackTeam "New Nation Fenchugonj"]
[WhiteTeamCountry "BAN"]
[BlackTeamCountry "BAN"]

1. e4 c5 2. Nc3 Nc6 3. Nf3 g6 4. Nd5 e6 5. Qe2 d6 6. c3 exd5 7. exd5+ Nce7 8. Ng5 h6 9. Ne6 fxe6 10. dxe6 a6 11. g3 Bg7 12. Bh3 Nf6 13. 0-0 0-0 14. d4 cxd4 15. cxd4 Nfd5 16. Bg2 Rf6 17. Bh3 Nc7 18. d5 Nexd5 19. Qc4 Bxe6 20. Bxe6+ Rxe6 21. Rd1 b5 22. Qb3 Qe7 23. Kf1 Kh7 24. h4 Re8 25. Bd2 Re2 26. h5 Rf8 27. hxg6+ Kh8 28. Be1 Ne3+ 29. Kg1 Qe4 30. Qxe3 Rxe3 31. fxe3 Qxe3+ 32. Kg2 Qf3+ 33. Kh3 Rf5 34. Rd4 Bxd4 0-1

[Event "BAN-chT2"]
[Site "Dhaka"]
[Date "2016.11.08"]
[Round "6.1"]
[White "Md, Zahiduzzaman"]
[Black "Md Sarwar, Kamal"]
[Result "1-0"]
[WhiteElo "1888"]
[BlackElo "1746"]
[PlyCount "121"]
[EventDate "2016.11.03"]
[EventType "team-swiss"]
[EventRounds "7"]
[EventCountry "BAN"]
[SourceTitle "CBM 175 Extra"]
[Source "ChessBase"]
[SourceDate "2016.12.12"]
[SourceVersion "1"]
[SourceVersionDate "2016.12.12"]
[SourceQuality "1"]
[WhiteTeam "GIIT Chess Academy"]
[BlackTeam "Desh Seba Krira Chakra"]
[WhiteTeamCountry "BAN"]
[BlackTeamCountry "BAN"]

1. e4 e6 2. d4 d5 3. Nd2 a6 4. c3 c5 5. Ngf3 Nc6 6. Be2 Nf6 7. e5 Nd7 8. 0-0 Be7 9. Re1 0-0 10. Nf1 Re8 11. Bd3 b5 12. Bb1 cxd4 13. cxd4 Bb7 14. Qd3 g6 15. Bh6 Nb4 16. Qd2 Nb6 17. Qf4 f6 18. exf6 Bxf6 19. Qg4 Qe7 20. Ne5 Bxe5 21. Rxe5 Qf7 22. Rg5 Rf8 23. f3 Qf6 24. Bxg6 Kh8 25. Bxf8 Rxf8 26. Rh5 Rf7 27. Bxf7 Qxf7 28. Re5 Bc8 29. Rc1 Nc4 30. b3 Nd3 31. bxc4 Nxc1 32. cxd5 Nd3 33. dxe6 Qe7 34. Re3 Nb4 35. Qf4 Bb7 36. Qb8+ Kg7 37. Qe5+ Kg8 38. Qc5 Qxc5 39. dxc5 Kf8 40. Ng3 Nd5 41. Re5 Ne7 42. Nf5 a5 43. Nxe7 Kxe7 44. Kf2 a4 45. g4 b4 46. Re2 Bd5 47. f4 Bxa2 48. c6 Bd5 49. c7 Bb7 50. Re4 b3 51. Rxa4 Kxe6 52. Rb4 Bc8 53. Rxb3 Kd6 54. Rc3 Kd7 55. Kg3 Ke7 56. f5 Kf6 57. Kf4 Kf7 58. Rd3 h5 59. gxh5 Kf6 60. Rd6+ Kg7 61. Rd8 1-0

[Event "BAN-chT2"]
[Site "Dhaka"]
[Date "2016.11.04"]
[Round "2.1"]
[White "Md Sarwar, Kamal"]
[Black "Haque, Masudul"]
[Result "0-1"]
[WhiteElo "1746"]
[BlackElo "2076"]
[PlyCount "118"]
[EventDate "2016.11.03"]
[EventType "team-swiss"]
[EventRounds "7"]
[EventCountry "BAN"]
[SourceTitle "CBM 175 Extra"]
[Source "ChessBase"]
[SourceDate "2016.12.12"]
[SourceVersion "1"]
[SourceVersionDate "2016.12.12"]
[SourceQuality "1"]
[WhiteTeam "Desh Seba Krira Chakra"]
[BlackTeam "Morning Glory"]
[WhiteTeamCountry "BAN"]
[BlackTeamCountry "BAN"]

1. e4 c5 2. Nc3 e6 3. Nf3 Nc6 4. d4 cxd4 5. Nxd4 Qc7 6. a3 a6 7. Nf3 g6 8. g3 Bg7 9. Bf4 Qa5 10. Qd2 Nge7 11. Bc4 b5 12. Ba2 0-0 13. Bh6 f5 14. Bxg7 Kxg7 15. e5 Qc7 16. Qf4 Bb7 17. 0-0-0 Rad8 18. Rd6 Nc8 19. Rd3 Nxe5 20. Qxe5+ Qxe5 21. Nxe5 Bxh1 22. f3 Nb6 23. Rd6 Rb8 24. h4 Rfd8 25. Rd1 Kf6 26. Re1 Bg2 27. g4 fxg4 28. fxg4 Kg7 29. h5 Rf8 30. Re2 Bf3 31. Re3 Bb7 32. b4 Rbc8 33. hxg6 hxg6 34. Rd3 d5 35. Ne2 Rf1+ 36. Kd2 Rf2 37. Ke3 Rg2 38. Bb3 g5 39. Rd1 Kf6 40. Kd4 Rf2 41. Re1 Ke7 42. Nd3 Rg2 43. Ne5 Nd7 44. Nd3 Rxg4+ 45. Ke3 Rh8 46. Nf2 Rg2 47. Nd3 Rh3+ 48. Kd2 d4 49. Kc1 Re3 50. Nxd4 Rxe1+ 51. Nxe1 Rg1 52. Kd2 Nf8 53. Nd3 g4 54. Nc5 Bc8 55. Kc3 Rf1 56. a4 g3 57. axb5 g2 58. Ne2 axb5 59. Nd3 g1Q 0-1

[Event "Dhaka op"]
[Site "Dhaka"]
[Date "2016.06.24"]
[Round "1"]
[White "Md Sarwar, Kamal"]
[Black "Mohammed Abdul, Malek"]
[Result "0-1"]
[WhiteElo "1740"]
[BlackElo "2180"]
[PlyCount "90"]
[EventDate "2016.06.24"]
[EventType "swiss"]
[EventRounds "9"]
[EventCountry "BAN"]
[SourceTitle "EXT 2017"]
[Source "ChessBase"]
[SourceDate "2016.10.25"]
[SourceVersion "1"]
[SourceVersionDate "2016.10.25"]
[SourceQuality "1"]

1. e4 e6 2. a3 d5 3. exd5 exd5 4. d4 Bd6 5. Bd3 Qh4 6. Nf3 Qh5 7. h3 Nf6 8. Qe2+ Be6 9. Be3 Ne4 10. Nbd2 f5 11. Ne5 Qxe2+ 12. Kxe2 0-0 13. Bf4 c5 14. c3 cxd4 15. cxd4 Nc6 16. Ndf3 Bxe5 17. Bxe5 Bf7 18. Rhg1 Rae8 19. Rge1 Bh5 20. Kf1 Re6 21. Re3 Rfe8 22. Rae1 Rf8 23. b4 a6 24. Rc1 Bxf3 25. gxf3 Nd2+ 26. Ke2 Nb3 27. Rc3 f4 28. Rxb3 fxe3 29. fxe3 Nxe5 30. dxe5 Rxe5 31. Kf2 Rc8 32. f4 Rh5 33. Bf1 Rc2+ 34. Kg3 Rh6 35. Rd3 Rg6+ 36. Kf3 Rg1 37. Be2 Rh1 38. Rxd5 Rxh3+ 39. Kg4 Rxe3 40. Rd8+ Kf7 41. Bf3 h5+ 42. Kxh5 Rxf3 43. Rd7+ Kf6 44. Rxb7 Rxf4 45. Rb6+ Kf5 0-1